| 000 | 01439nam a22003374a 4500 | ||
|---|---|---|---|
| 001 | ebr10082115 | ||
| 003 | CaPaEBR | ||
| 006 | m u | ||
| 007 | cr cn||||||||| | ||
| 008 | 011212s2002 enk sb 001 0deng | ||
| 010 | _z 2001059087 | ||
| 020 | _z0719062357 (hc.) | ||
| 020 | _z0719062365 (pbk.) | ||
| 040 |
_aCaPaEBR _cCaPaEBR |
||
| 035 | _a(OCoLC)608476169 | ||
| 050 | 1 | 4 |
_aDC129 _b.H84 2002eb |
| 082 | 0 | 4 |
_a944/.033 _221 |
| 100 | 1 | _aHurt, John Jeter. | |
| 245 | 1 | 0 |
_aLouis XIV and the parlements _h[electronic resource] : _bthe assertion of royal authority / _cJohn J. Hurt. |
| 260 |
_aManchester, UK ; _aNew York : _bManchester University Press ; _aNew York : _bDistributed exclusively in the USA by Palgrave, _c2002. |
||
| 300 | _axvii, 217 p. | ||
| 504 | _aIncludes bibliographical references (p. 200-215) and index. | ||
| 533 |
_aElectronic reproduction. _bPalo Alto, Calif. : _cebrary, _d2013. _nAvailable via World Wide Web. _nAccess may be limited to ebrary affiliated libraries. |
||
| 600 | 0 | 0 |
_aLouis _bXIV, _cKing of France, _d1638-1715. |
| 650 | 0 |
_aMonarchy _zFrance _xHistory _y17th century. |
|
| 651 | 0 |
_aFrance _xPolitics and government _y1643-1715. |
|
| 651 | 0 |
_aFrance _xKings and rulers _vBiography. |
|
| 655 | 7 |
_aElectronic books. _2local |
|
| 710 | 2 | _aebrary, Inc. | |
| 856 | 4 | 0 |
_uhttp://site.ebrary.com/lib/rucke/Doc?id=10082115 _zAn electronic book accessible through the World Wide Web; click to view |
| 999 |
_c75234 _d75234 |
||